• 首页
  • 本馆介绍
  • 公告通知
  • 最新文献
  • 馆藏检索
  • 电子资源
  • 读者导购
  • 参考咨询
  • 我的图书馆
  • 登录
  • 详细信息显示
  • 放入我的书架
  • 预约/预借图书
  • 作者相关作品
  • 分类相关作品
  • 丛书相关作品
  • 出版社相关作品

书目信息

  • 表格格式
  • 工作单格式
  • 卡片格式
题名:
伪满洲国日本作家作品集
    
 
作者: 大久保明男 , 冈田英树 , 西原和海 编
分册:  
出版信息: 哈尔滨   北方文艺出版社  2017
页数: 21, 237页
开本: 24cm
丛书名: 伪满时期文学资料整理与研究
单 册:
中图分类: I206.6 , I313.15
科图分类:
主题词: 中国文学--现代文学--文学研究 , 日本文学--现代文学--作品综合集
电子资源:
ISBN: 978-7-5317-3612-7
000 01298nam 2200313 450
001 2370207500
005 20231208193019.38
010    @a978-7-5317-3612-7@dCNY150.00
100    @a20170302d2017 em y0chiy50 ea
101 0  @achi
102    @aCN@b230000
105    @ay z 000zy
200 1  @a伪满洲国日本作家作品集@Awei man zhou guo ri ben zuo jia zuo pin ji@f(日) 大久保明男 ... [等] 编
210    @a哈尔滨@c北方文艺出版社@d2017
215    @a21, 237页@d24cm
225 2  @a伪满时期文学资料整理与研究@Awei man shi qi wen xue zi liao zheng li yu yan jiu@i作品卷
300    @a国家出版基金项目
304    @a题名页题: (日) 大久保明男, 冈田英树, 西原和海, 代珂, 牛耕耘编
330    @a本书收录伪满洲国时期思想开明进步, 同时文学创作上比较成熟的日本作家的代表作, 既有小说、散文随笔等文学作品, 又有理性客观、颇有见地的文学评论, 作为一个参照和补充, 有助于后人全面了解伪满洲国文学的真实面貌。
410  0 @12001 @a伪满时期文学资料整理与研究@i作品卷
606 0  @a中国文学@x现代文学@x文学研究
606 0  @a日本文学@x现代文学@j作品综合集
690    @aI206.6@v5
690    @aI313.15@v5
701  0 @a大久保明男@Ada jiu bao ming nan@4编
701  0 @a冈田英树@Agang tian ying shu@4编
701  0 @a西原和海@Axi yuan he hai@4编
801  0 @aCN@b湖北三新@c20170302
905    @aZUCC@dI206.6@e118
    
    伪满洲国日本作家作品集/(日) 大久保明男 ... [等] 编.-哈尔滨:北方文艺出版社,2017
    21, 237页;24cm.-(伪满时期文学资料整理与研究.作品卷)
    国家出版基金项目
    
    ISBN 978-7-5317-3612-7:CNY150.00
    本书收录伪满洲国时期思想开明进步, 同时文学创作上比较成熟的日本作家的代表作, 既有小说、散文随笔等文学作品, 又有理性客观、颇有见地的文学评论, 作为一个参照和补充, 有助于后人全面了解伪满洲国文学的真实面貌。
●
相关链接 在五车中查询图书 在当当中查询图书 在豆瓣中查询图书


正题名:伪满洲国日本作家作品集     索取号:I206.6/118         预约/预借

序号 登录号 条形码 馆藏地/架位号 状态 备注
1 2001383255   2001383255   516书库/ [索取号:I206.6/118] 在馆    
2 2001383256   2001383256   516书库/ [索取号:I206.6/118] 在馆    
3 2001383257   2001383257   516书库/ [索取号:I206.6/118] 在馆    
4 2001383258   2001383258   516书库/ [索取号:I206.6/118] 在馆    
5 2001383259   2001383259   516书库/ [索取号:I206.6/118] 在馆    
6 2001383260   2001383260   516书库/ [索取号:I206.6/118] 在馆    
7 2001383261   2001383261   516书库/ [索取号:I206.6/118] 在馆    
8 2001383262   2001383262   516书库/ [索取号:I206.6/118] 在馆    
9 2001383263   2001383263   516书库/ [索取号:I206.6/118] 在馆    
10 2001383264   2001383264   516书库/ [索取号:I206.6/118] 在馆    
11 2001383265   2001383265   516书库/ [索取号:I206.6/118] 在馆    
12 2001383266   2001383266   516书库/ [索取号:I206.6/118] 在馆    
13 2001383267   2001383267   516书库/ [索取号:I206.6/118] 在馆    
14 2001383268   2001383268   516书库/ [索取号:I206.6/118] 在馆    
15 2001383269   2001383269   516书库/ [索取号:I206.6/118] 在馆    
16 2001383270   2001383270   516书库/ [索取号:I206.6/118] 在馆    
17 2001383271   2001383271   516书库/ [索取号:I206.6/118] 在馆    
18 2001383272   2001383272   516书库/ [索取号:I206.6/118] 在馆    
19 2001383273   2001383273   516书库/ [索取号:I206.6/118] 在馆    
20 2001383274   2001383274   516书库/ [索取号:I206.6/118] 在馆    
21 2001383275   2001383275   516书库/ [索取号:I206.6/118] 在馆    
22 2001383276   2001383276   516书库/ [索取号:I206.6/118] 在馆    
23 2001383277   2001383277   516书库/ [索取号:I206.6/118] 在馆    
24 2001383278   2001383278   516书库/ [索取号:I206.6/118] 在馆    
25 2001383279   2001383279   516书库/ [索取号:I206.6/118] 在馆    
26 2001383280   2001383280   516书库/ [索取号:I206.6/118] 在馆    
27 2001383281   2001383281   516书库/ [索取号:I206.6/118] 在馆    
28 2001383282   2001383282   516书库/ [索取号:I206.6/118] 在馆    
29 2001383283   2001383283   516书库/ [索取号:I206.6/118] 在馆    
30 2001383284   2001383284   516书库/ [索取号:I206.6/118] 在馆    
山东省滨州职业学院图书馆 欢迎您!
大连网信软件有限公司© 版权所有